Enciclopedia de la seguridad informática

Zapisane w:
Opis bibliograficzny
1. autor: Gómez Vieites, Alvaro (Autor)
Format: Książka
Język:hiszpański
Wydane: Cuernavaca Alfaomega 2011
Wydanie:2a. ed
Hasła przedmiotowe:
Etykiety: Dodaj etykietę
Nie ma etykietki, Dołącz pierwszą etykiete!

MARC

LEADER 00000cam a2200000 a 4500
001 UCF9506
003 CL-VaPUC
008 131125e20111000mx |||||||||||||||||spa|d
020 |a 9786077071815 
082 0 4 |a 005.8  |b GOM  |2 21 
100 |a Gómez Vieites, Alvaro  |e author  |9 582736 
245 1 0 |a Enciclopedia de la seguridad informática 
250 |a 2a. ed 
300 |a 825 p 
942 |c BK 
945 |d 20131125 03:22:00  |a dcastane 
260 |a Cuernavaca  |b Alfaomega  |c 2011 
650 0 |a Seguridad informática   |9 469130 
650 7 |a INFORMACION RESERVADA  |2 CL-VaPUC  |9 522296 
650 0 |a Tecnología de la seguridad   |9 364100 
650 7 |a CONTROL DE SEGURIDAD  |2 CL-VaPUC  |9 561993 
583 |a last modification  |c 20131125 03:22:00  |k Rodrigo Vera 
999 |c 353949  |d 353947 
952 |0 0  |1 0  |3 erb  |4 0  |6 005_800000000000000_GOM_2011  |7 0  |8 A  |9 459531  |a BIBING  |b BIBING  |i 5030773  |o 005.8 GOM 2011  |p 5030773  |r 2025-01-20  |w 2019-11-23  |y BK  |z Catalogado en:20131125  |k CCI 
952 |0 0  |1 0  |3 erb  |4 0  |6 005_800000000000000_GOM_2011  |7 0  |8 A  |9 459532  |a BIBING  |b BIBING  |i 5030781  |l 1  |o 005.8 GOM 2011  |p 5030781  |r 2025-01-20  |s 2024-06-12  |w 2019-11-23  |y BK  |z Catalogado en:20131125  |k CCI 
952 |0 0  |1 0  |3 erb  |4 0  |6 005_800000000000000_GOM_2011  |7 0  |8 A  |9 459533  |a BIBING  |b BIBING  |i 503079K  |o 005.8 GOM 2011  |p 503079K  |r 2025-01-20  |w 2019-11-23  |y BK  |z Catalogado en:20131125  |k CCI 
952 |0 0  |1 0  |3 erb  |4 0  |6 005_800000000000000_GOM_2011  |7 0  |8 A  |9 459534  |a BIBING  |b BIBING  |i 5132266  |l 2  |o 005.8 GOM 2011  |p 5132266  |r 2025-01-20  |s 2024-06-04  |w 2019-11-23  |y BK  |z Catalogado en:20141230  |k CCI 
952 |0 0  |1 0  |3 erb  |4 0  |6 005_800000000000000_GOM_2011  |7 0  |8 A  |9 459535  |a BIBING  |b BIBING  |i 5132258  |o 005.8 GOM 2011  |p 5132258  |r 2025-01-20  |w 2019-11-23  |y BK  |z Catalogado en:20141230  |k CCI 
952 |0 0  |1 0  |3 erb  |4 0  |6 005_800000000000000_GOM_2011  |7 0  |8 A  |9 459536  |a BIBING  |b BIBING  |i 5441684  |o 005.8 GOM 2011  |p 5441684  |r 2025-01-20  |w 2019-11-23  |y BK  |z Catalogado en:20171214  |k CCI 
952 |0 0  |1 0  |3 erb  |4 0  |6 005_800000000000000_GOM_2011  |7 0  |8 A  |9 459537  |a BIBING  |b BIBING  |i 5441676  |o 005.8 GOM 2011  |p 5441676  |r 2025-01-20  |w 2019-11-23  |y BK  |z Catalogado en:20171214  |k CCI